000 00565nam a22001937a 4500
005 20140812153445.0
010 _aENG-110363
020 _a9789350622773
_c450.00
035 _aEN-93895
037 _bDBAD/PUB
082 _a658.4033
100 _aPanda, Tapan K.
245 _aBusiness analytics /
_cby Tapan K. Panda
260 _aNew Delhi
_bExcel Books
_c2013
270 _aA-45, Naraina, Phase I
_bNew Delhi
_e110028
300 _aviii,255p.
_c24cm(pbk)
500 _aIncludes bibliographical references
942 _2ddc
_cEN
_mPAN
_h658.4033
999 _c86374
_d86374